000 00611nam a22002537a 4500
001 BR9400241
003 BR-BrBNA
005 20230928093941.0
007 ta
008 230509b bl.||||| |||| 00| 0 por d
040 _aBR-BrBNA
_bpor
_cBiblioteca Nacional de Agricultura
072 _aL10; L53
090 _ L10 BR9400241
650 _aEgua
650 _aJumento
650 _aBovino
650 _aCapim Elefante
650 _aDoenca Animal
650 _aVeterinaria
650 _aInseminacao Artificial
650 _aEficiencia Reprodutiva
909 _a202309
_bLucia
_c55
_dLucia Elande
942 _cBK
999 _c48081
_d48081